000 00575nam a22001697a 4500
005 20251108164129.0
008 250721s9999 xx 000 0 ara d
082 1 4 _a301.15/عبد
100 1 _aعبد الحميد، محمد نبيل
245 1 0 _aالعلاقات الأسرية للمسنين و توافقهم النفسي /
264 1 _aالاسكندريه :
_bالدار الفنية للنشر و التوزيع،
_c[19-].
300 _a382ص
650 1 7 _aعلم النفس الإجتماعي
650 1 7 _aالشيخوخه
942 _2ddc
_cBK
999 _c4379
_d4379